| 000 | 00580nam a2200181 a 4500 | ||
|---|---|---|---|
| 001 | 000048401 | ||
| 005 | 20201002061127.0 | ||
| 008 | 190222s2012 dr r 000 spa d | ||
| 020 | _a9789945470253 | ||
| 040 |
_aDO-SdBNP _bspa _cBNPHU |
||
| 082 |
_axxx _bR426L |
||
| 110 |
_aRepública Dominicana _9447 |
||
| 240 | 0 | _a[Leyes etc.] | |
| 245 | 0 |
_aLey No. 198-11 :. : _bque regula los matrimonios religiosos y sus efectos en la República Dominicana. |
|
| 260 |
_aSanto Domingo : _bJunta Central Electoral, _c2012. |
||
| 300 |
_a27 p. ; _c25 cm. |
||
| 590 | _aInventariado, 2019 / DG | ||
| 999 |
_c47889 _d47889 |
||